000
00273nam a2200109Ia 4500
008
200302s9999 xx 000 0 und d
100
_a
Roger Yee
245
_a
Educational Environments No 2
260
_b
Visual Refernce Publications Inc.
260
_c
2005
300
_a
211 P.,
999
_c
5182
_d
5182